How many times can you type N E W Y O R K in 15 Seconds? - Statistics

General Stats
  • This quiz has been taken 3,138 times
  • The average score is 51 of 70
Answer Stats
Letter % Correct
N
100%
E
99%
W
98%
O
97%
R
97%
Y
97%
K
96%
E
95%
N
95%
W
95%
O
94%
Y
94%
K
93%
R
93%
E
92%
N
92%
W
92%
O
91%
Y
91%
K
90%
R
90%
E
89%
N
89%
W
88%
O
87%
Y
87%
K
86%
R
86%
N
84%
E
83%
W
83%
Y
82%
O
81%
K
80%
R
80%
E
78%
N
78%
W
77%
Y
75%
O
74%
K
72%
R
72%
N
70%
E
69%
W
68%
Y
65%
O
64%
R
63%
K
62%
N
59%
E
58%
W
58%
Y
55%
O
54%
R
53%
K
52%
N
49%
E
47%
W
47%
Y
43%
O
42%
R
41%
K
40%
N
38%
E
37%
W
36%
Y
33%
O
32%
R
31%
K
30%
No matching quizzes found
Score Distribution
Percent of People with Each Score
Percentile by Number Answered
Your Score History
You have not taken this quiz